[Event "US Championship (Gp 1)"]
[Site "Chandler"]
[Date "1997.08.27"]
[Round "4"]
[White "Fedorowicz, John"]
[Black "Yermolinsky, Alex"]
[Result "1/2-1/2"]
[WhiteElo "2510"]
[BlackElo "2630"]
[PlyCount "116"]
[EventDate "1997.08.23"]

1. e4 c5 2. Nf3 d6 3. d4 cxd4 4. Nxd4 Nf6 5. Nc3 e6 6. g3 Be7 7. Bg2 O-O 8.
O-O a6 9. Re1 Qc7 10. Be3 Nc6 11. Nxc6 bxc6 12. Na4 d5 13. exd5 cxd5 14. c4 Bb7
15. Rc1 Qd8 16. Nb6 Rb8 17. cxd5 Bxd5 18. Nxd5 Nxd5 19. Bxd5 exd5 20. Bd4 Bf6
21. Re2 Bxd4 22. Qxd4 Qa5 23. a3 Rbc8 24. Rxc8 Rxc8 25. Kg2 Qb5 26. Re5 Rd8 27.
a4 Qc6 28. b3 h6 29. Re3 a5 30. h4 h5 31. Rc3 Qe6 32. Rd3 Qc6 33. Kh2 g6 34.
Rc3 Qd6 35. Re3 Qb4 36. Qf6 Rb8 37. Rf3 Rf8 38. Rd3 Qc5 39. Kg2 Rb8 40. Qg5 Qc6
41. Qxd5 Qxd5+ 42. Rxd5 Rxb3 43. Rxa5 Ra3 44. Ra8+ Kg7 45. a5 Kf6 46. Ra7 Ke6
47. Kf1 Ra2 48. Kg2 Ra3 49. a6 Kf6 50. Ra8 Ke7 51. f3 Kf6 52. Kf2 Kg7 53. g4
hxg4 54. fxg4 Ra4 55. Kf3 Ra3+ 56. Ke2 Ra4 57. Kf3 Ra3+ 58. Ke2 Ra4 1/2-1/2

[Event "US Championship (Gp 1)"]
[Site "Chandler"]
[Date "1997.08.27"]
[Round "4"]
[White "Benjamin, Joel"]
[Black "Zamora, Jorge"]
[Result "1/2-1/2"]
[WhiteElo "2555"]
[BlackElo "2390"]
[PlyCount "240"]
[EventDate "1997.08.23"]

1. e4 Nc6 2. Nf3 e5 3. Bb5 a6 4. Ba4 Nf6 5. O-O Be7 6. Re1 b5 7. Bb3 O-O 8.
h3 Bb7 9. d3 h6 10. Nc3 Re8 11. Bd2 Bc5 12. Nd5 Nd4 13. Nxd4 Bxd4 14. c3 Ba7
15. Qf3 Re6 16. Be3 Nxd5 17. exd5 Re8 18. Bxa7 Rxa7 19. a4 Ra8 20. Qg4 Qe7 21.
d4 d6 22. axb5 axb5 23. Rxa8 Bxa8 24. Re3 c6 25. dxe5 dxe5 26. Rg3 Qg5 27. Qd7
Qe7 28. dxc6 Qxd7 29. cxd7 Rd8 30. Re3 e4 31. c4 bxc4 32. Ba4 Bd5 33. Re1 Kf8
34. f3 f5 35. fxe4 Bxe4 36. Kf2 Ke7 37. g4 g6 38. Ke3 Kd6 39. Rd1+ Ke7 40. Rd4
Bd3 41. b3 Bf1 42. bxc4 Bxh3 43. c5 Rb8 44. c6 Kd8 45. gxf5 gxf5 46. Kf4 Kc7
47. Ke5 h5 48. Kf6 Rh8 49. Rb4 Kd6 50. Rd4+ Kc7 51. Rb4 Kd6 52. Rb2 Bg4 53. Kg7
Rd8 54. Kf6 Rh8 55. Rb1 Bf3 56. Rc1 Kc7 57. Kxf5 h4 58. Re1 Bxc6 59. Rc1 Kxd7
60. Rxc6 Ke7 61. Re6+ Kd8 62. Re2 h3 63. Rh2 Rf8+ 64. Kg4 Rg8+ 65. Kf3 Rf8+ 66.
Ke3 Rh8 67. Bc2 Rh6 68. Kf4 Ke7 69. Bf5 Kf6 70. Bxh3 Rh4+ 71. Kg3 Kg5 72. Rd2
Rc4 73. Rd5+ Kf6 74. Bf5 Rc1 75. Be4 Ke6 76. Ra5 Rf1 77. Bf3 Kd6 78. Kf4 Re1
79. Ra6+ Kc5 80. Be4 Rd1 81. Rc6+ Kb5 82. Ke5 Rd8 83. Rc2 Rd1 84. Bd5 Kb4 85.
Rc4+ Ka3 86. Ke4 Rd2 87. Bg8 Rg2 88. Rc8 Kb4 89. Bd5 Rd2 90. Ke5 Rh2 91. Rc1 Rd2
92. Kd6 Rh2 93. Rc4+ Ka3 94. Kc5 Rh8 95. Rg4 Rc8+ 96. Kd4 Kb2 97. Rg7 Rc1 98.
Bc4 Rc2 99. Bd3 Rc8 100. Rb7+ Kc1 101. Ke3 Kd1 102. Rb6 Re8+ 103. Be4 Rc8 104.
Rb1+ Rc1 105. Rb8 Rc7 106. Rh8 Kc1 107. Rh1+ Kb2 108. Rb1+ Ka3 109. Kd4 Rc8 110.
Bd5 Rh8 111. Be6 Rh4+ 112. Kc3 Ka4 113. Bc4 Ka5 114. Rb5+ Ka4 115. Rb6 Rh3+
116. Bd3 Rh5 117. Ra6+ Ra5 118. Rh6 Rc5+ 119. Bc4 Rg5 120. Ra6+ Ra5 1/2-1/2

[Event "US Championship (Gp 1)"]
[Site "Chandler"]
[Date "1997.08.27"]
[Round "4"]
[White "Christiansen, Larry"]
[Black "Gulko, Boris"]
[Result "1/2-1/2"]
[WhiteElo "2560"]
[BlackElo "2590"]
[PlyCount "82"]
[EventDate "1997.08.23"]

1. e4 e6 2. d4 d5 3. Nc3 Bb4 4. e5 c5 5. a3 Bxc3+ 6. bxc3 Ne7 7. Nf3 Qa5 8.
Bd2 Nbc6 9. a4 Bd7 10. Bb5 Qc7 11. O-O b6 12. Re1 O-O 13. dxc5 bxc5 14. Be3
Nxe5 15. Nxe5 Bxb5 16. axb5 Qxe5 17. Bxc5 Qc7 18. Bxe7 Qxe7 19. Qxd5 Rab8 20.
Qe5 Rfc8 21. c4 Qb4 22. Re4 Rb7 23. Rd1 Qa4 24. Red4 h6 25. Rg4 g5 26. h4 Qxc2
27. Rgd4 Kh7 28. R1d3 Rbc7 29. Qe4+ Kg7 30. Qe5+ Kh7 31. Qf6 Qb2 32. Rd2 Qb1+
33. Rd1 Qf5 34. Qxf5+ exf5 35. hxg5 Rxc4 36. Rd7 R8c7 37. gxh6 Kxh6 38. R7d6+
Kg7 39. R1d5 R4c5 40. g3 Rxd5 41. Rxd5 Kf6 1/2-1/2

[Event "US Championship (Gp. 2)"]
[Site "Chandler"]
[Date "1997.08.27"]
[Round "4"]
[White "Shabalov, Alexander"]
[Black "Kudrin, Sergey"]
[Result "1-0"]
[WhiteElo "2555"]
[BlackElo "2515"]
[PlyCount "126"]
[EventDate "1997.08.23"]

1. e4 c5 2. Nf3 d6 3. d4 cxd4 4. Nxd4 Nf6 5. Nc3 g6 6. Be3 Bg7 7. f3 Nc6 8.
Qd2 O-O 9. O-O-O d5 10. Kb1 Rb8 11. Nb3 dxe4 12. Qxd8 Rxd8 13. Rxd8+ Nxd8 14.
Bxa7 Ra8 15. Bb6 Bf5 16. Be2 Nc6 17. Rd1 exf3 18. gxf3 Nd7 19. Be3 Rc8 20. Ne4
Be5 21. Ng3 Be6 22. f4 Bb8 23. Bd3 f5 24. Ne2 Nb4 25. Bb5 Nf6 26. c4 Na6 27.
Na5 Nc7 28. Ba4 Nce8 29. c5 Bd5 30. Nc3 Bf3 31. Bb3+ Kf8 32. Be6 Bxd1 33. Bxc8
Bf3 34. h3 Nh5 35. Bxb7 Bxb7 36. Nxb7 Nxf4 37. Bxf4 Bxf4 38. b4 g5 39. Nd5 Be5
40. Ne3 e6 41. b5 Bf4 42. Ng2 Bg3 43. b6 Nf6 44. a4 Nd7 45. Kc2 h5 46. Kd2 h4
47. a5 Nb8 48. Ne3 Ke7 49. c6 Na6 50. Ke2 Bf4 51. Kf3 Bg3 52. Nc2 e5 53. Ne3
e4+  54. Ke2 Ke6 55. Nc2 Be5 56. Ne3 Bf4 57. Nc2 Be5 58. Ke3 Bf4+ 59. Kd4 Be5+
60. Kc4 g4 61. Kb5 g3 62. Kxa6 g2 63. Nd8+ Ke7 1-0

[Event "US Championship (Women)"]
[Site "Chandler"]
[Date "1997.08.27"]
[Round "4"]
[White "Shahade, Jennifer"]
[Black "Zitserman, Tatyana"]
[Result "1-0"]
[WhiteElo "2085"]
[BlackElo "2125"]
[PlyCount "89"]
[EventDate "1997.08.23"]

1. e4 c5 2. Nf3 d6 3. d4 cxd4 4. Nxd4 Nf6 5. Nc3 a6 6. f4 Qc7 7. Nf3 Nc6 8.
Bd3 e6 9. O-O Be7 10. Qe1 O-O 11. e5 dxe5 12. fxe5 Nd7 13. Bf4 Nb4 14. Qg3 Re8
15. Rae1 Nxd3 16. cxd3 b5 17. Bh6 g6 18. Ng5 Bxg5 19. Qxg5 Bb7 20. Ne4 Bxe4 21.
Rxe4 Qd8 22. Qf4 Qe7 23. Rd4 Ra7 24. Bg5 Qf8 25. Bh6 Qe7 26. Qg3 Qc5 27.
Be3 Qf8 28. Rh4 Rc7 29. Bg5 Rec8 30. Qh3 h5 31. d4 Qg7 32. g4 Rc2 33. gxh5 gxh5
34. Rxh5 Nxe5 35. dxe5 Rc1 36. Rh8+ Qxh8 37. Qxh8+ Kxh8 38. Bxc1 Rc5 39. Bg5
Kg7 40. Bf6+ Kh7 41. Rf2 Rc4 42. b3 Rd4 43. Rc2 Kg6 44. h4 Kf5 45. h5 1-0

[Event "US Championship (Women)"]
[Site "Chandler"]
[Date "1997.08.27"]
[Round "4"]
[White "Khan, Anna"]
[Black "Epstein, Esther"]
[Result "0-1"]
[WhiteElo "2190"]
[BlackElo "2210"]
[PlyCount "74"]
[EventDate "1997.08.23"]

1. d4 Nf6 2. c4 e6 3. Nc3 Bb4 4. e3 O-O 5. Bd3 d5 6. Nf3 b6 7. O-O Bb7 8.
a3 Bd6 9. Qe2 Nbd7 10. e4 dxe4 11. Nxe4 Nxe4 12. Bxe4 Bxe4 13. Qxe4 a5 14. Bg5
Be7 15. Bxe7 Qxe7 16. Rfe1 Rfe8 17. Rad1 Rad8 18. Qb7 Qd6 19. Qe4 h6 20. Rd2
Nf6 21. Qe3 Ng4 22. Qe4 Nf6 23. Qh4 Qf8 24. Rd3 Rd6 25. Red1 Red8 26. Ne5 g5
27. Qh3 Qg7 28. Qf3 Nd7 29. Ng4 f5 30. Ne3 Ne5 31. dxe5 Rxd3 32. Rxd3 Rxd3 33.
Qc6 Qd7 34. Qa8+ Qd8 35. Qf3 g4 36. Qe2 Rd2 37. Qe1 Qd3 0-1

[Event "US Championship (Women)"]
[Site "Chandler"]
[Date "1997.08.27"]
[Round "4"]
[White "Frenklakh, Jennie"]
[Black "Gulko, Anna"]
[Result "0-1"]
[WhiteElo "2120"]
[BlackElo "2305"]
[PlyCount "84"]
[EventDate "1997.08.23"]

1. d4 c5 2. c3 b6 3. Nf3 Bb7 4. Bf4 Nf6 5. Nbd2 d6 6. e3 Nbd7 7. Bc4 e6 8.
Qe2 Be7 9. h3 O-O 10. O-O a6 11. a4 Re8 12. Ba2 Nf8 13. dxc5 bxc5 14. Nc4 Ng6
15. Bh2 d5 16. Rfd1 a5 17. Na3 Bd6 18. Bxd6 Qxd6 19. Nb5 Qb6 20. c4 Red8 21.
Rac1 Rac8 22. b3 d4 23. exd4 Bxf3 24. Qxf3 cxd4 25. Bb1 Qc5 26. Bxg6 hxg6 27.
Qd3 e5 28. f3 Nh5 29. Kh2 Nf4 30. Qd2 Ra8 31. Re1 g5 32. g3 Ne6 33. Qd3 g6 34. Qe4
d3 35. Rcd1 Qf2+ 36. Kh1 Qxg3 37. Qxe5 Nf4 38. Rd2 Qxf3+ 39. Kh2 Qxh3+ 40. Kg1
Ne2+ 41. Kf2 Qh4+ 42. Kf1 Re8 0-1

[Event "US Championship (Women)"]
[Site "Chandler"]
[Date "1997.08.27"]
[Round "4"]
[White "Burtman, Sharon"]
[Black "Belakovskaia, Anjelina"]
[Result "0-1"]
[WhiteElo "2070"]
[BlackElo "2365"]
[PlyCount "108"]
[EventDate "1997.08.23"]

1. d4 Nf6 2. c4 g6 3. Nc3 Bg7 4. e4 d6 5. f3 O-O 6. Nge2 c5 7. d5 a6 8. Ng3
e6 9. Bg5 exd5 10. cxd5 b5 11. Be2 Nbd7 12. O-O c4 13. Qd2 Re8 14. Kh1 Qb6 15.
Bh6 a5 16. Nd1 Bxh6 17. Qxh6 Qd4 18. Ne3 Kh8 19. Nd1 Ba6 20. Qe3 Qxe3 21. Nxe3
Nb6 22. Rfc1 Rac8 23. Rab1 Nfd7 24. Nc2 b4 25. Nd4 Rc5 26. Kg1 Rec8 27. Nf1 Nb8
28. Ne3 c3 29. b3 Bxe2 30. Nxe2 N6d7 31. Nc4 Rxc4 32. bxc4 Rxc4 33. Kf2 Na6 34.
Ke3 Nac5 35. Rc2 Ne5 36. Rd1 a4 37. h3 Ned7 38. Rd4 Nb6 39. Rd1 Nbd7 40. Rb1
Ne5 41. Rd1 Kg7 42. Rb1 f5 43. exf5 gxf5 44. g3 Kf6 45. Rd1 Nb3 46. Nd4 Nxd4
47. Rxd4 b3 48. axb3 axb3 49. Rxc4 Nxc4+ 50. Kd3 bxc2 51. Kxc2 Nd2 52. Kxc3
Nxf3 53. Kd3 Ng5 54. h4 Ne4 0-1

[Event "US Championship (Women)"]
[Site "Chandler"]
[Date "1997.08.27"]
[Round "4"]
[White "Jezierska, Ivona"]
[Black "Krush, Irina"]
[Result "1-0"]
[WhiteElo "2075"]
[BlackElo "2245"]
[PlyCount "75"]
[EventDate "1997.08.23"]

1. e4 c5 2. c3 Nf6 3. e5 Nd5 4. d4 cxd4 5. Nf3 e6 6. cxd4 b6 7. a3 Bb7 8.
Bd3 d6 9. O-O Be7 10. Qe2 Nc6 11. Bd2 O-O 12. Qe4 g6 13. Bh6 Re8 14. Nbd2 Rb8
15. Bc2 Nc7 16. Qg4 dxe5 17. dxe5 Nb5 18. Nb3 Nc7 19. Rad1 Nd5 20. h4 Bf8 21.
Bxf8 Kxf8 22. h5 Kg7 23. hxg6 hxg6 24. Rfe1 Qe7 25. Nh4 Rh8 26. Nxg6 fxg6 27.
Qxg6+ Kf8 28. Rd3 Nxe5 29. Rxe5 Nf4 30. Rf5+ exf5 31. Qxf5+ Qf7 32. Qe5 Ne2+ 33.
Qxe2 Re8 34. Qd2 Qe7 35. Re3 Qg7 36. Qd6+ Re7 37. Qd8+ Kf7 38. Rxe7+ 1-0

[Event "US Championship (Gp 1)"]
[Site "Chandler"]
[Date "1997.08.28"]
[Round "5"]
[White "Christiansen, Larry"]
[Black "Browne, Walter"]
[Result "1-0"]
[WhiteElo "2560"]
[BlackElo "2540"]
[PlyCount "87"]
[EventDate "1997.08.23"]

1. d4 Nf6 2. c4 e6 3. Nc3 Bb4 4. e3 c5 5. Nge2 cxd4 6. exd4 d5 7. a3 Be7 8.
Nf4 Nc6 9. cxd5 Nxd5 10. Ncxd5 exd5 11. Bd3 O-O 12. O-O Bg5 13. Re1 h6 14. Bc2
g6 15. Bb3 Bf5 16. Be3 Ne7 17. Rc1 Qd6 18. Qd2 Rac8 19. g3 Be4 20. Ng2 Rxc1
21. Rxc1 Nf5 22. Bxg5 hxg5 23. Ne3 Nxe3 24. Qxe3 g4 25. Bd1 f5 26. Qh6 Re8 27.
Be2 a6 28. Bf1 Rf8 29. Be2 Re8 30. Rc3 Bb1 31. Bf1 Be4 32. h3 gxh3 33. Bxh3 Bb1
34. Kh2 Be4 35. b4 b6 36. a4 Rf8 37. Kg1 f4 38. gxf4 b5 39. axb5 axb5 40. Rg3
Ra8 41. Bg2 Bf5 42. Re3 Kf7 43. Qh7+ Kf6 44. Qh4+ 1-0

[Event "US Championship (Gp 1)"]
[Site "Chandler"]
[Date "1997.08.27"]
[Round "5"]
[White "Gulko, Boris"]
[Black "Benjamin, Joel"]
[Result "0-1"]
[WhiteElo "2590"]
[BlackElo "2555"]
[PlyCount "66"]
[EventDate "1997.08.23"]

1. c4 e5 2. Nc3 Nf6 3. Nf3 Nc6 4. g3 d5 5. cxd5 Nxd5 6. Bg2 Nb6 7. O-O Be7
8. Rb1 g5 9. b4 g4 10. Ne1 Nxb4 11. Nc2 Nc6 12. Bxc6+ bxc6 13. d4 f6 14. dxe5
Qxd1 15. Rxd1 fxe5 16. Nb4 Bf5 17. e4 Bxb4 18. Rxb4 Be6 19. Bg5 Rf8 20. Rb2 Rf3
21. Nb1 Rc8 22. Rc1 Nc4 23. Rb7 Nd6 24. Rxa7 Nxe4 25. Be3 Bd5 26. Nd2 Rxe3 27.
fxe3 Nxd2 28. a4 Kd7 29. Rb7 Ra8 30. Rb4 Ne4 31. Rd1 Ke6 32. Rb7 Rxa4 33. Rxc7
Ng5 0-1

[Event "US Championship (Gp 1)"]
[Site "Chandler"]
[Date "1997.08.28"]
[Round "5"]
[White "Zamora, Jorge"]
[Black "Fedorowicz, John"]
[Result "0-1"]
[WhiteElo "2390"]
[BlackElo "2510"]
[PlyCount "62"]
[EventDate "1997.08.23"]

1. Nf3 Nf6 2. d4 g6 3. c4 Bg7 4. g3 O-O 5. Bg2 c6 6. O-O d5 7. Qb3 dxc4 8.
Qxc4 Qd5 9. Qb4 Qd6 10. Qb3 Qe6 11. Qd1 Rd8 12. Nc3 Na6 13. Bf4 c5 14. d5 Qb6
15. e4 Bg4 16. h3 Bxf3 17. Qxf3 Nd7 18. Qe2 Ne5 19. Be3 Qb4 20. f4 Nc4 21. Bc1
Nxb2 22. Bxb2 Bxc3 23. Bxc3 Qxc3 24. Kh2 c4 25. Rac1 Qd3 26. Qb2 Rac8 27. Rc3
Qd4 28. Rfc1 Nc5 29. Qb4 Nd3 30. Rd1 a5 31. Qb2 b5 0-1

[Event "US Championship (Gp 1)"]
[Site "Chandler"]
[Date "1997.08.28"]
[Round "5"]
[White "Yermolinsky, Alex"]
[Black "Ivanov, Alexander"]
[Result "1-0"]
[WhiteElo "2630"]
[BlackElo "2600"]
[PlyCount "60"]
[EventDate "1997.08.23"]

1. d4 Nf6 2. c4 e6 3. Nf3 b6 4. g3 Ba6 5. Nbd2 Bb7 6. Bg2 c5 7. e4 cxd4 8.
O-O d6 9. Nxd4 Qd7 10. a4 Be7 11. a5 O-O 12. Re1 Na6 13. b3 bxa5 14. Rxa5 Nc5
15. Qc2 Bd8 16. Ra2 Bb6 17. Bb2 a5 18. Raa1 e5 19. Nf5 Nfxe4 20. Bh3 Nxd2 21.
Qxd2 Qd8 22. Qd1 Ne4 23. Qg4 Bxf2+ 24. Kf1 g6 25. Rxe4 Bxe4 26. Qxe4 gxf5 27.
Bxf5 Bd4 28. Qg4+ Kh8 29. Qh5 Kg7 30. Bc1 Rg8 1-0

[Event "US Championship (Gp. 2)"]
[Site "Chandler"]
[Date "1997.08.28"]
[Round "5"]
[White "Shabalov, Alexander"]
[Black "DeFirmian, Nick"]
[Result "0-1"]
[WhiteElo "2555"]
[BlackElo "2575"]
[PlyCount "78"]
[EventDate "1997.08.23"]

1. e4 c5 2. Nf3 d6 3. d4 cxd4 4. Nxd4 Nf6 5. Nc3 a6 6. Bg5 e6 7. f4 Qb6 8.
Qd2 Qxb2 9. Nb3 Qa3 10. Bxf6 gxf6 11. Be2 Nc6 12. O-O Bd7 13. Kh1 Rc8 14. Bh5
Bg7 15. Rf3 O-O 16. Rg3 Kh8 17. Rf1 Ne7 18. f5 exf5 19. exf5 Bxf5 20. Qe1 Be6
21. Ne4 Qb2 22. Nxd6 Rxc2 23. Nxf7+ Bxf7 24. Qxe7 Rf2 25. Re1 Qe5 26. Kg1 Rxg2+
27. Rxg2 Qxh5 28. Qxb7 Bh6 29. Qxa6 Bd5 30. Qe2 Bf3 31. Qd3 Bxg2 32. Kxg2 Bf4
33. Rh1 Rg8+ 34. Kf2 Qh4+ 35. Kf1 Qg4 36. Qe2 Qh3+ 37. Ke1 Qc3+ 38. Kf2 Be5 39.
Rc1 Qh3 0-1

[Event "US Championship (Gp. 2)"]
[Site "Chandler"]
[Date "1997.08.28"]
[Round "5"]
[White "Gurevich, Dmitry"]
[Black "Seirawan, Yasser"]
[Result "0-1"]
[WhiteElo "2580"]
[BlackElo "2630"]
[PlyCount "53"]
[EventDate "1997.08.23"]

1. Nf3 Nf6 2. d4 e6 3. c4 d5 4. e3 c5 5. Nc3 a6 6. cxd5 exd5 7. Be2 c4 8.
Ne5 b5 9. O-O Bb7 10. e4 Nxe4 11. Nxe4 dxe4 12. a4 Nd7 13. axb5 axb5 14. Rxa8
Bxa8 15. b3 Nxe5 16. dxe5 Qxd1 17. Rxd1 Bc5 18. bxc4 b4 19. Bg5 O-O 20. Bd8 b3
21. Bc7 b2 22. Bg4 Bc6 23. e6 f5 24. Be2 Bd4 25. h4 Ba4 26. Rxd4 b1=Q+ 27. Kh2
0-1

[Event "US Championship (Women)"]
[Site "Chandler"]
[Date "1997.08.28"]
[Round "5"]
[White "Jezierska, Ivona"]
[Black "Shahade, Jennifer"]
[Result "0-1"]
[WhiteElo "2075"]
[BlackElo "2085"]
[PlyCount "82"]
[EventDate "1997.08.23"]

1. e4 c5 2. c3 d6 3. d4 Nf6 4. Bd3 cxd4 5. cxd4 g6 6. Nf3 Bg4 7. O-O Bg7 8.
h3 Bxf3 9. Qxf3 O-O 10. Nc3 Nc6 11. Be3 Nd7 12. Ne2 Nde5 13. dxe5 Nxe5 14. Qg3
Nxd3 15. Rab1 Qa5 16. Bd4 Bxd4 17. Nxd4 Ne5 18. Nf5 Nc6 19. b4 Qe5 20. Nh6+
Kh8 21. Qe3 Qg7 22. b5 Nd4 23. Kh1 f5 24. exf5 gxf5 25. Rfc1 e5 26. Qd2 Rf6 27.
b6 Qxh6 28. Qa5 Nc6 29. Rxc6 bxc6 30. b7 Rb8 31. Qxa7 Rff8 32. a4 f4 33. f3
Qg6 34. Rb2 Qd3 35. a5 e4 36. fxe4 f3 37. a6 fxg2+ 38. Rxg2 Qxe4 39. Qb6 Rf1+
40. Kh2 Qf4+ 41. Rg3 Rf2+ 0-1

[Event "US Championship (Women)"]
[Site "Chandler"]
[Date "1997.08.28"]
[Round "5"]
[White "Krush, Irina"]
[Black "Burtman, Sharon"]
[Result "1/2-1/2"]
[WhiteElo "2245"]
[BlackElo "2070"]
[PlyCount "76"]
[EventDate "1997.08.23"]

1. d4 f5 2. g3 Nf6 3. Bg2 g6 4. Nf3 Bg7 5. c4 d6 6. Nc3 O-O 7. O-O Qe8 8.
d5 Na6 9. Nd4 Bd7 10. Rb1 c6 11. dxc6 bxc6 12. b4 Rc8 13. b5 cxb5 14. cxb5
Rxc3 15. bxa6 e5 16. Nb3 Bc6 17. Qxd6 Bxg2 18. Kxg2 Qc6+ 19. Qxc6 Rxc6 20. Ba3
Re8 21. Bb4 Rxa6 22. a3 Rc6 23. Rbc1 Rec8 24. Rxc6 Rxc6 25. Rd1 Rc2 26. Rd2
Rxd2 27. Nxd2 Bf8 28. Bxf8 Kxf8 29. f3 Ke7 30. Kf2 Kd6 31. Ke3 Kc5 32. Kd3 Kb5
33. Nc4 Nd7 34. Kc3 Ka4 35. Kb2 Kb5 36. Kc3 Ka4 37. Kb2 Kb5 38. Kc3 Ka4 1/2-1/2

[Event "US Championship (Women)"]
[Site "Chandler"]
[Date "1997.08.28"]
[Round "5"]
[White "Belakovskaia, Anjelina"]
[Black "Frenklakh, Jennie"]
[Result "1-0"]
[WhiteElo "2365"]
[BlackElo "2120"]
[PlyCount "97"]
[EventDate "1997.08.23"]

1. d4 Nf6 2. c4 c5 3. d5 b5 4. cxb5 a6 5. Nc3 Qa5 6. b6 Bb7 7. Bd2 Qxb6 8.
e4 e6 9. Bc4 Nxe4 10. Nf3 Be7 11. O-O O-O 12. Re1 Nd6 13. Bb3 a5 14. Ne5 Nf5
15. Bc2 Bf6 16. Bxf5 exf5 17. Qc2 g6 18. Nc4 Qa6 19. Qd3 d6 20. Bf4 Rd8 21.
Rad1 a4 22. Nxd6 Rxd6 23. Re8+ Kg7 24. Qg3 Rd8 25. Rxd8 Bxd8 26. Bxb8 a3 27. bxa3
Qxa3 28. Be5+ f6 29. Bc7 Qb2 30. Rb1 Qc2 31. Bxd8 Rxd8 32. Rxb7+ Kg8 33. h4 f4
34. Qf3 Re8 35. d6 Re1+ 36. Kh2 Qc1 37. Qd5+ Kh8 38. Rb8+ Kg7 39. Qg8+ Kh6 40.
Qf8+ Kh5 41. g4+ Kxh4 42. Qh6+ Kxg4 43. Qh3+ Kg5 44. Qg2+ Kh6 45. Ne4 Kg7 46.
Rb7+ Kf8 47. Rxh7 Qd1 48. d7 f3 49. Qxf3 1-0

[Event "US Championship (Women)"]
[Site "Chandler"]
[Date "1997.08.28"]
[Round "5"]
[White "Gulko, Anna"]
[Black "Khan, Anna"]
[Result "1-0"]
[WhiteElo "2305"]
[BlackElo "2190"]
[PlyCount "77"]
[EventDate "1997.08.23"]

1. d4 d5 2. c4 e6 3. Nc3 Nf6 4. cxd5 exd5 5. Bg5 c6 6. e3 Bd6 7. Bd3 Be6 8.
Qc2 Nbd7 9. f4 Nb6 10. Nf3 h6 11. Bh4 Be7 12. h3 Nc8 13. Ne5 Nd6 14. f5 Bc8 15.
O-O-O Bd7 16. Kb1 b5 17. g4 a5 18. Rhe1 a4 19. Bxf6 gxf6 20. Nxd7 Qxd7 21.
e4 dxe4 22. Nxe4 Kf8 23. Rc1 Nxe4 24. Rxe4 c5 25. dxc5 Rd8 26. c6 Qd5 27. Re2
Bd6 28. Be4 Qd4 29. Rd2 Qe5 30. Rxd6 Rxd6 31. c7 Kg7 32. Bb7 Qe3 33. c8=Q Rxc8
34. Qxc8 a3 35. bxa3 Qxa3 36. Qc3 Qa7 37. Bc6 b4 38. Qc5 Qe7 39. Ba4 1-0

[Event "US Championship (Women)"]
[Site "Chandler"]
[Date "1997.08.28"]
[Round "5"]
[White "Epstein, Esther"]
[Black "Zitserman, Tatyana"]
[Result "1-0"]
[WhiteElo "2210"]
[BlackElo "2125"]
[PlyCount "67"]
[EventDate "1997.08.23"]

1. e4 d6 2. d4 Nf6 3. Nc3 g6 4. Be3 c6 5. Qd2 b5 6. Bd3 Bg7 7. Bh6 Bxh6 8.
Qxh6 Qa5 9. Nf3 b4 10. Ne2 Nbd7 11. O-O Qc7 12. a3 c5 13. dxc5 dxc5 14. Nd2 Ng4
15. Qh4 h5 16. f4 Nb6 17. b3 Bd7 18. h3 Nf6 19. axb4 cxb4 20. Ra5 Bc6 21. Nd4
Nfd7 22. Kh1 Nc8 23. Nxc6 Qxc6 24. e5 Rb8 25. Ne4 Qc7 26. Rfa1 Rb6 27. Qf2 e6
28. Bb5 Kf8 29. Rd1 Nb8 30. Qh4 Qe7 31. Rd8+ Kg7 32. Qf6+ Qxf6 33. exf6+ Kh7
34. Ng5+ 1-0

[Event "US Championship (Women)"]
[Site "Chandler"]
[Date "1997.08.29"]
[Round "6"]
[White "Shahade, Jennifer"]
[Black "Epstein, Esther"]
[Result "1/2-1/2"]
[WhiteElo "2085"]
[BlackElo "2210"]
[PlyCount "63"]
[EventDate "1997.08.23"]

1. e4 c5 2. Nf3 e6 3. d4 cxd4 4. Nxd4 Nf6 5. Nc3 d6 6. Be2 Nc6 7. O-O Be7
8. Be3 O-O 9. f4 Qc7 10. Kh1 Rd8 11. Bd3 a6 12. a4 Nxd4 13. Bxd4 e5 14. Be3
exf4 15. Rxf4 Be6 16. Bd4 Nd7 17. Nd5 Bxd5 18. exd5 g6 19. Qf3 Rf8 20. Rf1 f6
21. Qh3 Kg7 22. Rh4 Rh8 23. Be3 h5 24. Bxg6 Kxg6 25. Qf5+ Kf7 26. Rxh5 Rag8 27.
Rh7+ Rxh7 28. Qxh7+ Rg7 29. Qh5+ Rg6 30. Qh7+ Rg7 31. Qh5+ Rg6 32. Qh7+
1/2-1/2

[Event "US Championship (Women)"]
[Site "Chandler"]
[Date "1997.08.29"]
[Round "6"]
[White "Zitserman, Tatyana"]
[Black "Gulko, Anna"]
[Result "0-1"]
[WhiteElo "2125"]
[BlackElo "2305"]
[PlyCount "120"]
[EventDate "1997.08.23"]

1. c4 e5 2. Nc3 Bb4 3. Nf3 Bxc3 4. dxc3 Nc6 5. g3 d6 6. Bg2 Nge7 7. O-O O-O
8. b3 Qe8 9. Ne1 f5 10. e3 Kh8 11. Nc2 a5 12. a4 Be6 13. Qe2 Bf7 14. f4 Bh5
15 Bf3 Bg6 16. Qg2 e4 17. Be2 Bh5 18. Nd4 Rf6 19. Bd2 Bxe2 20. Qxe2 Nd8 21.
Bc1 Rg6 22. Ba3 b6 23. Rad1 Nf7 24. Rf2 Nh6 25. Rg2 Qd7 26. Rd2 Ng4 27. Qe1 Rh6
28. h4 Ng8 29. Nc2 Qf7 30. Qe2 Ne7 31. Qd1 Qh5 32. Qe2 Rf8 33. Qd1 Qe8 34. Kf1
Rg6 35. Qe1 Nf6 36. Rg1 Nh5 37. Rdg2 Rg4 38. Nd4 Rf6 39. Ne2 Rfg6 40. Kf2 h6
41. Qc1 Kh7 42. Rd1 Qc8 43. Rdg1 Ng8 44. Qd2 Ngf6 45. Bc1 Nd7 46. Ba3 Nc5 47.
Bxc5 dxc5 48. Rd1 Rd6 49. Qc2 Rxd1 50. Qxd1 Rg6 51. Nc1 Nf6 52. Rg1 Ng4+ 53. Ke2
Nh2 54. Rg2 Nf3 55. Kf1 Rd6 56. Qc2 Qd7 57. Re2 Rd1+ 58. Kf2 Rh1 59. Na2 Qe8
60. Kg2 Rg1+ 0-1

[Event "US Championship (Women)"]
[Site "Chandler"]
[Date "1997.08.29"]
[Round "6"]
[White "Khan, Anna"]
[Black "Belakovskaia, Anjelina"]
[Result "1/2-1/2"]
[WhiteElo "2190"]
[BlackElo "2365"]
[PlyCount "64"]
[EventDate "1997.08.23"]

1. d4 Nf6 2. c4 g6 3. Nc3 Bg7 4. e4 d6 5. Nf3 O-O 6. Be2 e5 7. O-O Nc6 8.
d5 Ne7 9. b4 Nh5 10. Re1 Nf4 11. Bf1 h6 12. Nd2 c6 13. a4 a5 14. bxa5 c5 15.
Nb3 Kh7 16. Ba3 h5 17. Nb5 h4 18. Nxd6 Qxd6 19. Nxc5 Qf6 20. Rb1 Rd8 21. Nxb7
Nc6 22. Nxd8 Nd4 23. Ne6 fxe6 24. d6 Bd7 25. Bb4 Rf8 26. Rb2 Nh3+ 27. gxh3 Nf3+
28. Qxf3 Qxf3 29. Bg2 Qf7 30. Ra1 Ra8 31. c5 Bc6 32. Be1 Bf6 1/2-1/2

[Event "US Championship (Women)"]
[Site "Chandler"]
[Date "1997.08.29"]
[Round "6"]
[White "Frenklakh, Jennie"]
[Black "Krush, Irina"]
[Result "1/2-1/2"]
[WhiteElo "2120"]
[BlackElo "2245"]
[PlyCount "127"]
[EventDate "1997.08.23"]

1. e4 c5 2. Nc3 Nc6 3. g3 g6 4. Bg2 Bg7 5. d3 e6 6. Be3 Nd4 7. Nce2 b6 8.
c3 Nxe2 9. Qxe2 Bb7 10. f4 Ne7 11. Nf3 O-O 12. O-O f5 13. e5 Nd5 14. Bf2 Qc7
15. Nd2 Rfd8 16. Nc4 Bf8 17. Rfd1 Rab8 18. Ne3 Nxe3 19. Bxe3 Bxg2 20. Qxg2 d5
21. exd6 Rxd6 22. Rd2 Rbd8 23. Rad1 Qd7 24. d4 c4 25. Re2 b5 26. a3 a5 27. Ra1
Rb8 28. Bd2 Rdb6 29. Qf3 Bg7 30. Kg2 Kf7 31. Be3 R6b7 32. Rd1 Qd5 33. Bd2 Rd8
34. Rde1 Qxf3+ 35. Kxf3 Rd6 36. Ra1 Ke7 37. Rae1 Kf7 38. Ra1 Bf6 39. Kg2 h6 40.
h4 Rb8 41. Kf3 Rb7 42. Kg2 Rd5 43. Rae1 Rb6 44. Ra1 Rd8 45. Kf3 Be7 46. Be3
Rb7 47. Bd2 Bf8 48. Rd1 Rd6 49. Ra1 Ra6 50. Be3 Rc6 51. Bd2 b4 52. axb4 axb4
53. Ra4 b3 54. Re5 Rcc7 55. Ra6 Re7 56. Rc5 Rbc7 57. Ra4 Red7 58. Rxc7 Rxc7 59.
Be3 Ke7 60. Ra6 Kf7 61. Ra5 Rc6 62. Ra7+ Be7 63. Ke2 Ke8 64. Bd2 1/2-1/2

[Event "US Championship (Women)"]
[Site "Chandler"]
[Date "1997.08.29"]
[Round "6"]
[White "Burtman, Sharon"]
[Black "Jezierska, Ivona"]
[Result "1-0"]
[WhiteElo "2070"]
[BlackElo "2075"]
[PlyCount "101"]
[EventDate "1997.08.23"]

1. d4 d6 2. c4 g6 3. Nc3 Bg7 4. e4 Nf6 5. f3 O-O 6. Nge2 c6 7. Bg5 Nbd7 8.
Qd2 e5 9. d5 cxd5 10. cxd5 a6 11. g4 b5 12. h4 Qa5 13. a3 b4 14. Na2 Rb8 15.
axb4 Qa4 16. Nec3 Qb3 17. Bd3 a5 18. Qe2 Rxb4 19. Nxb4 Qxb4 20. O-O Nc5 21. Be3
Nfd7 22. Bb5 f5 23. gxf5 gxf5 24. Na2 Qb3 25. Nc3 f4 26. Ra3 fxe3 27. Rxb3 Nxb3
28. Qxe3 Nd4 29. Bxd7 Bxd7 30. Rf2 Rf6 31. f4 Bh6 32. Rg2+ Kf7 33. Ne2 Nb5 34.
Qf3 Be8 35. f5 Ke7 36. Qf2 a4 37. Qb6 Bd7 38. Rg8 Bf8 39. Kh2 Kf7 40. Rg2 Rh6
41. Kh3 Be7 42. Rg4 Be8 43. Qb8 a3 44. bxa3 Nxa3 45. Qc7 Rf6 46. Qc1 Nb5 47.
Rg2 Bf8 48. Qc8 Ke7 49. Ng3 Nd4 50. Ra2 Nb5 51. Ra8 1-0